Základy náuky o konštrukčných materiáloch /
Saved in:
| Main Author: | |
|---|---|
| Other Authors: | , |
| Format: | Book |
| Language: | Slovak |
| Published: |
Bratislava :
Alfa, vydavateľstvo technickej a ekonomickej literatúry,
1970
|
| Series: | Dočasné vysokoškolské učebnice
|
| Online Access: |
|
| Tags: |
Add Tag
No Tags, Be the first to tag this record!
|
MARC
| LEADER | 00000nam a2200000 4500 | ||
|---|---|---|---|
| 003 | SK-BrCVT | ||
| 005 | 20220621144208.0 | ||
| 008 | 880101s1970 cs e ||||||slo d | ||
| 035 | |a CVTIDW0920137 | ||
| 040 | |b slo |a CVTI SR | ||
| 041 | 0 | |a slo | |
| 044 | |a cs | ||
| 080 | |a 669.017(075.78) |2 UDC-MRF | ||
| 100 | 1 | |a Paur, Vladimír | |
| 245 | 1 | 0 | |a Základy náuky o konštrukčných materiáloch / |c Vladimír Paur, Anton Puškár, Petr Skočovský |
| 260 | |a Bratislava : |b Alfa, vydavateľstvo technickej a ekonomickej literatúry, |c 1970 | ||
| 300 | |a 274 s. | ||
| 490 | 0 | |a Dočasné vysokoškolské učebnice | |
| 700 | 1 | |a Puškár, Anton |d 1948-, | |
| 700 | 1 | |a Skočovský, Petr | |
| 760 | 1 | |t Dočasné vysokoškolské učebnice | |
| 910 | |b S346998 |b S260630 - S260644 |b S261650 |b S265670 odpis | ||
| 974 | |f Knihy | ||
| 992 | |a ASK | ||
| 999 | |c 74558 |d 74558 | ||